Das Osterreichische Parlament = The Austrian Parliament /

Gespeichert in:
Bibliographische Detailangaben
Format: Buch
Sprache:German
Veröffentlicht: Viena, Austria : Osterreichische Regierung, Parlamentsdirektion,, 1992
Tags: Tag hinzufügen
Keine Tags, Fügen Sie das erste Tag hinzu!

MARC

LEADER 00000nam^a2200000^a^4500
001 000583037
005 20250526000000.0
009 20260310132642.98
037 |a Acervo ITESO - Biblioteca 
041 |a ALE 
091 |a FCO. 00176 
245 0 4 |a Das Osterreichische Parlament =  |b The Austrian Parliament / 
264 1 |a Viena, Austria :  |b Osterreichische Regierung, Parlamentsdirektion,,  |c 1992 
300 |a 143 p. ;  |c 27.5 cm. 
336 |a texto  |b txt  |2 rdacontenido 
337 |a sin mediación  |b n  |2 rdamedio 
338 |a volumen  |b nc  |2 rdasoporte 
649 |a XX 
910 |a Fondo Erich Coufal Kieswetter 
920 |a Impresos - Libros 
930 |a Libros Antiguos y Raros 
905 |a 142 
901 |a 0500411727  |b IT2  |c LRA  |i D  |u 20250526 
902 |a https://opac.biblio.iteso.mx/vufind/Record/000583037